000 00756nam a2200205Ia 4500
003 GCL
008 140319s9999 xx 000 0 ara d
040 _aGCL /
_cGCL
082 0 4 _a956.923
_bم م
245 1 0 _aملف العمليات الاستشهادية
260 _aالقاهرة :
_bمركز الاهرام للتنظيم وتكنولوجيا المعلومات ،
_c2003
300 _a53 ص ؛
_c40 سم
650 0 4 _aالنزاع العربى الاسرائيلى
650 0 4 _aالقضية الفلسطينية
650 0 4 _aالمقاومة الفلسطينية
650 0 4 _aالمقاومة الشعبية
650 0 4 _aالانتفاضة الفلسطينية
650 0 4 _aالفدائيون الفلسطينيون
942 _2ddc
_cBK
999 _c5696
_d5696